000 00465nam a22001457a 4500
999 _c7758
_d7756
005 20210324163639.0
008 210324b ||||| |||| 00| 0 eng d
082 _a345.408 23
100 _aMANOHAR AND CHITALEY
_96503
245 _aTHE AIR MANUAL CIVIL AND CRIMINAL FINANCE COMMISSION ACT,(1951) TO GRESHAM AND CRAVAN OF INDIA L.T.D ACT,1977 [VOL-25]
260 _aNAGPUR
_bTHE ALL INDIA REPORTER PVT.LTD.
300 _a1388,p
650 _aLAW
_95701
942 _cJRL